Every Arsenal player since 2010 - Statistics

General Stats
  • This quiz has been taken 107 times
    39 since last reset
  • The average score is 71 of 215
Answer Stats
Hint Answer % Correct
England/FOR Bukayo Saka
94%
Brazil/FOR Gabriel Martinelli
82%
France/FOR Alex Lacazette
79%
Ghana/MID Thomas Partey
79%
France/DEF William Saliba
79%
Chile/FOR Alexis Sanchez
76%
Switzerland/MID Granit Xhaka
76%
Belgium/FOR Leandro Trossard
76%
Czech Republic/GK Petr Cech
76%
Gabon/FOR Pierre Emerick-Aubameyang
76%
Spain/MID Santi Cazorla
76%
Bosnia and Herzegovina/DEF Sead Kolasinac
76%
Wales/MID Aaron Ramsey
73%
England/DEF Benjamin White
73%
Germany/GK Bernd Leno
73%
Spain/MID Cesc Fabregas
73%
Spain/GK David Raya
73%
Brazil/FOR Gabriel Jesus
73%
Norway/MID Martin Ødegaard
73%
Germany/MID Mesut Ozil
73%
Netherlands/FOR Robin van Persie
73%
England/MID Declan Rice
70%
Spain/MID Mikel Arteta
70%
Germany/DEF Shkodran Mustafi
70%
Russia/MID Andrey Arshavin
67%
Germany/MID Kai Havertz
67%
Egypt/MID Mohamed Elneny
67%
Ukraine/DEF Oleksandr Zinchenko
67%
Japan/DEF Takehiro Tomiyasu
67%
England/FOR Theo Walcott
67%
Portugal/DEF Cedric
64%
Argentina/GK Emiliano Martinez
64%
Portugal/MID Fabio Vieira
64%
Brazil/DEF Gabriel Magalhaes
64%
Spain/DEF Hector Bellerin
64%
Italy/MID Jorginho
64%
Scotland/DEF Kieran Tierney
64%
France/DEF Laurent Koscielny
64%
France/FOR Olivier Giroud
64%
Germany/DEF Per Mertesacker
64%
England/DEF Rob Holding
64%
France/FOR Thierry Henry
64%
Nigeria/FOR Alex Iwobi
61%
France/DEF Bacary Sagna
61%
England/FOR Eddie Nketiah
61%
England/MID Emile Smith-Rowe
61%
England/DEF Kieran Gibbs
61%
Germany/FOR Lukas Podolski
61%
Spain/DEF Nacho Monreal
61%
Ivory Coast/FOR Nicolas Pepe
61%
Greece/DEF Sokratis
61%
England/DEF Calum Chambers
58%
Colombia/GK David Ospina
58%
France/DEF Gael Clichy
58%
Poland/GK Lukasz Fabianski
58%
England/GK Matthew Smith
58%
England/MID Matt Smith
58%
Poland/GK Wojciech Szczesny
58%
France/MID Abou Diaby
55%
Cameroon/MID Alex Song
55%
England/FOR Danny Welbeck
55%
Brazil/DEF David Luiz
55%
Poland/DEF Jakub Kiwior
55%
Denmark/FOR Nicklas Bendtner
55%
Czech Republic/MID Thomas Rosicky
55%
England/MID Alex Oxlade-Chamberlain
52%
Spain/GK Manuel Almunia
52%
England/FOR Reiss Nelson
52%
Belgium/DEF Thomas Vermaelen
52%
Uruguay/MID Lucas Torreira
48%
Morocco/MID Marouane Chamakh
48%
USA/GK Matt Turner
48%
France/MID Samir Nasri
48%
England/MID Ainsley Maitland-Niles
45%
England/DEF Carl Jenkinson
45%
Ivory Coast/FOR Gervinho
45%
Armenia/MID Henrikh Mkhitaryan
45%
Costa Rica/FOR Joel Campbell
45%
Netherlands/DEF Jurrien Timber
45%
Spain/FOR Lucas Perez
45%
France/MID Matteo Guendouzi
45%
Italy/GK Vito Mannone
45%
Israel/MID Yossi Benayoun
45%
Spain/MID Dani Ceballos
42%
France/MID Mathieu Flamini
42%
Switzerland/DEF Phillipe Senderos
42%
Iceland/GK Runar Alex Runarsson
42%
Switzerland/DEF Stephan Lichtsteiner
42%
Brazil/MID Willian
42%
England/DEF Ashley Cole
39%
Croatia/FOR Eduardo
39%
Ivory Coast/DEF Emmanuel Eboue
39%
France/MID Francis Coquelin
39%
Switzerland/DEF Johan Djourou
39%
Greece/DEF Konstantinos Mavropanos
39%
Portugal/DEF Nuno Tavares
39%
Brazil/FOR Wellington Silva
39%
South Korea/FOR Chu-Young Park
36%
Brazil/MID Denilson
36%
Germany/GK Jens Lehmann
36%
France/DEF Mathieu Debuchy
36%
Spain/DEF Pablo Mari
36%
Germany/FOR Serge Gnabry
36%
Belgium/MID Albert Sambi Lokonga
33%
Mexico/FOR Carlos Vela
33%
Brazil/DEF Gabriel Paulista
33%
Estonia/GK Karl Hein
33%
Australia/GK Matty Ryan
33%
France/FOR Yaya Sanogo
33%
Brazil/DEF Andre Santos
30%
Spain/MID Denis Suarez
30%
England/MID Ethan Nwaneri
30%
USA/FOR Folarin Balogun
30%
England/MID Chris Willock
27%
England/MID Joe Willock
27%
Sweden/MID Kim Kallstrom
27%
France/DEF Sebastian Squillaci
27%
USA/MID Gedion Zelalem
24%
Algeria/MID Ismael Bennacer
24%
Brazil/FOR Marquinhos
24%
Japan/FOR Rio Miyaichi
24%
England/FOR Chuba Akpom
21%
Spain/DEF Ignasi Miquel
21%
Ghana/MID Emmanuel Frimpong
18%
Norway/FOR George Lewis
18%
England/DEF Kerrea Gilbert
18%
Japan/FOR Takuma Asano
18%
Senegal/DEF Armand Traore
15%
France/MID Jeff Reine-Adelaide
15%
England/MID Miguel Azeez
15%
France/DEF Mikael Silvestre
15%
England/MID Myles Lewis-Skelly
15%
England/MID Charlie Patino
12%
Spain/MID Fran Merida
12%
Finland/MID Glen Kamara
12%
England/MID Jay Emmanuel-Thomas
12%
Poland/MID Krystian Bielik
12%
England/GK Matt Macey
12%
Turkey/MID Oguzhan Ozyakup
12%
Germany/MID Thomas Eisfeld
12%
England/GK Arthur Okonkwo
9%
USA/DEF Auston Trusty
9%
North Macedonia/GK Dejan Iliev
9%
England/MID Henri Lansbury
9%
England/MID Jack Wilshire
9%
England/DEF Marc Bola
9%
Netherlands/MID Nacer Barazite
9%
China/MID Nico Yennaris
9%
England/DEF Tolaji Bola
9%
England/MID Ben Sheaf
6%
England/DEF Brooke Norton-Cuffy
6%
England/FOR Charles Sagoe Jr
6%
Scotland/MID Charlie Gilmour
6%
Ireland/MID Conor Henderson
6%
Netherlands/FOR Donyell Malen
6%
Italy/GK Emiliano Viviano
6%
Togo/MID Gilles Sunu
6%
England/DEF Harry Clarke
6%
England/MID Isaac Hayden
6%
Ireland/GK James Shea
6%
Spain/MID Jon Toral
6%
England/DEF Jordi Osei-Tutu
6%
England/MID Josh Dasilva
6%
Sweden/MID Kristoffer Olsson
6%
Denmark/FOR Mika Biereth
6%
Tunisia/DEF Omar Rekik
6%
England/DEF Reuell Walters
6%
England/GK Ryan Huddart
6%
Netherlands/MID Salah-Eddine Oulad M'Hand
6%
Bosnia and Herzegovina/DEF Sead Hajrovic
6%
Nigeria/DEF Semi Ajayi
6%
England/DEF Stefan O'Connor
6%
England/FOR Tyreece John-Jules
6%
England/FOR Tyrese John-Jules
6%
England/DEF Zech Medley
6%
England/DEF Alex Kirk
3%
Romania/MID Catalin Cirjan
3%
England/MID Chuks Aneke
3%
England/DEF Cohen Brammal
3%
England/DEF Craig Eastmond
3%
England/DEF Daniel Boateng
3%
Norway/DEF Havard Nordtveit
3%
England/GK James Hillson
3%
England/MID James Olayinka
3%
Montserrat/DEF Jernade Meade
3%
Spain/DEF Joel Lopez
3%
Spain/DEF Julio Pleguezuelo
3%
England/DEF Kyle Bartley
3%
England/DEF Lino Sousa
3%
England/DEF Luke Ayling
3%
Mexico/DEF Marcelo Flores
3%
England/MID Marcus McGuane
3%
Switzerland/DEF Martin Angha
3%
Portugal/MID Mauro Bandeira
3%
England/FOR Nathan Butler-Oyedeji
3%
Wales/MID Robbie Burton
3%
England/DEF Ryan Alebiosu
3%
England/MID Stephy Mavididi
3%
England/DEF Thomas Cruise
3%
Romania/MID Vlad Dragomir
3%
England/DEF Zach Awe
3%
England/DEF Zak Swanson
3%
England/FOR Amario Cozier-Duberry
0%
England/MID Ben Cottrell
0%
England/MID Bradley Ibrahim
0%
Portugal/DEF Elton Monteiro
0%
Netherlands/FOR Joel Ideho
0%
England/FOR Khayon Edwards
0%
Ireland/DEF Mark McGuiness
0%
Ireland/DEF Mazeed Ogungbo
0%
Poland/DEF Michal Rosiak
0%
Sweden/FOR Nikolaj Moller
0%
England/DEF Taylor Foran
0%
No matching quizzes found
Score Distribution
Percent of People with Each Score
Percentile by Number Answered
Your Score History
You have not taken this quiz since the last reset